00958cam1a220026500 4500001001200000003000400012005001700016008004100033020001500074035002000089050002000109100003300129245011700162250001200279260004700291500002000338500014700358650002400505650005800529700003000587700003000617700002200647004000600669999001700675lcu00102419DLC20190814092138.0930303s1993 stk 001 0 eng c a0443046913 a(Sirsi) a14083100aQM 551 WHE 19931 aBurkitt, H. George.6A3047.110aWheater's functional histology :ba text and colour atlas /cH. George Burkitt, Barbara Young and John W. Heath. a3rd ed. aEdinburgh : bChurchill Livinstone,c1993. aIncludes index. aRev. ed. of: Functional histology. 2nd ed. / revised and edited by Paul R. Wheater and H. George Burkitt ; drawings by Philip J. Deakin. 1987. 0aHistology.6S2176.1 0aHistology -- Atlases.xHistology -- Atlases.6S1226.11 aYoung, Barbara6A114386.11 aHeath, John W.6A114388.1 aDeakin, Philip J.50918 c31639d31639